000 00546nam a2200169Ia 4500
008 090201s9999 xx 000 0 und d
010 _aKPL-62662
040 _bमराठी
041 _aमराठी
082 _a18885
_b62662
100 _aसुरेशचंद्र नाडकर्णी
245 _aगजल
_cसुरेशचंद्र नाडकर्णी
260 _c2004
_bमेहता पब्लिशिंग हाऊस
300 _a268
_bमोठा
600 _aगजल
942 _cBOOK
999 _c218734
_d218734